000 00553nam a2200205Ia 4500
003 OSt
005 20220926041310.0
006 a|||||r|||| 00| 0
007 ta
008 220923b |||||||| |||| 00| 0 eng d
037 _cGeneral Book
040 _aRTL
_cRTL
_beng
041 _2eng
_aeng
082 _aY1:3:52.L1, K2
100 _aVaussard Maurice
_9344714
245 0 _aDaily life in eighteenth century Italy, tr by Mich
260 _c1962
942 _hY1:3:52.L1, K2
_cGB
_2CC
999 _c666823
_d666823